| 000 | 00755nam a22002417a 4500 | ||
|---|---|---|---|
| 999 |
_c20599 _d20599 |
||
| 003 | AR-CdUCM | ||
| 008 | 190531b ||||| |||| 00| 0 spa d | ||
| 040 |
_aMUNICIPALIDAD PROVINCIAL DEL CUSCO _cBIBLIOTECA MUNICIPAL DEL CUSCO |
||
| 041 | _hfre | ||
| 082 |
_a927.8 / _bSA26 |
||
| 100 |
_aSaussine, Renee de / _943054 |
||
| 245 | _aPaganini el mago / | ||
| 260 |
_aBuenos Aires . _bSiglo XX, _c1946. |
||
| 300 |
_a234 páginas ; _c23 cm. |
||
| 440 |
_aMúsica y Ballet _943055 |
||
| 500 | _a[libro reempastado] | ||
| 505 | _aContenido: Italia -- Austria-Alemania-Polonia -- Francia... | ||
| 650 |
_aPaganini _943056 |
||
| 650 |
_aAmores napolitanos _943057 |
||
| 700 |
_aThibaud, Jacques (prefacio) _943058 |
||
| 942 |
_2ddc _cLIBROS |
||
| 945 | _aAndy | ||